| 000 | 00463nam a2200193Ia 4500 | ||
|---|---|---|---|
| 003 | LK-CoDNM | ||
| 005 | 20241209122048.0 | ||
| 008 | 010623t1983 xxu||||| |||| 00| 1 eng d | ||
| 040 |
_aLK-CoDNM _dLK-CoDNM _eLK-CoDNM |
||
| 041 | _aeng | ||
| 080 |
_a294.32 _bNAN |
||
| 100 | _aNanamoli Thera | ||
| 245 | _aPathways of Buddhist Thought | ||
| 260 |
_bWheel Publication _c1983 |
||
| 300 | _b47p. ; 18 cm | ||
| 650 | _a1983 | ||
| 650 | _aBuddhism | ||
| 942 | _cBK | ||
| 999 |
_c112152 _d112152 |
||